Návrh produktu cestovnej kancelárie cestovného ruchu - rekreačný cestovný ruch bakalárska práca

Salvato in:
Dettagli Bibliografici
Autore principale: Hudec, Jakub
Ente Autore: Obchodná fakulta EU. Katedra cestovného ruchu
Altri autori: Horská, Henrieta, 1998-
Natura: Libro
Lingua:slovacco
Pubblicazione: Bratislava 2025
Tags: Aggiungi Tag
Nessun Tag, puoi essere il primo ad aggiungerne!!

MARC

LEADER 00000nbm a2200000 4500
001 0311043
005 20260320100636.8
041 0 |a slo 
044 |a SK 
245 1 0 |a Návrh produktu cestovnej kancelárie cestovného ruchu - rekreačný cestovný ruch  |b bakalárska práca  |c Jakub Hudec ; školiteľ: Henrieta Horská 
264 1 |a Bratislava  |c 2025 
300 |a 60 s. 
100 1 |a Hudec, Jakub 
700 1 |a Horská, Henrieta, 1998- 
710 2 |a Obchodná fakulta EU. Katedra cestovného ruchu